| Tag |
First Indicator |
Second Indicator |
Subfields |
| LEADER |
00000cam a2200000 4500 |
| 001 |
in00000665487 |
| 005 |
20151015083105.0 |
| 008 |
800924r18331833miu a 00010 eng d |
| 035 |
|
|
|a (OCoLC)06746704
|
| 035 |
|
|
|9 ACY0011AM
|
| 040 |
|
|
|a EEU
|c TXA
|d UtOrBLW
|
| 049 |
|
|
|a TXAI
|
| 090 |
|
|
|a E165
|b .D87
|
| 099 |
|
|
|a film
|a B
|a 1512
|a reel
|a 452.11
|
| 100 |
1 |
|
|a Duhring, Henry.
|
| 245 |
1 |
0 |
|a Remarks on the United States of America :
|b with regard to the actual state of Europe /
|c By Henry Duhring.
|
| 264 |
|
1 |
|a London :
|b W. Simpkin and R. Marshall;
|a New York :
|b W. Jackson; [etc., etc.],
|c 1833.
|
| 300 |
|
|
|a viii, 209 pages ;
|c 21 cm.
|
| 336 |
|
|
|a text
|b txt
|2 rdacontent
|
| 337 |
|
|
|a microform
|b h
|2 rdamedia
|
| 338 |
|
|
|a microfilm reel
|b hd
|2 rdacarrier
|
| 500 |
|
|
|a On religion, position of women, education, emigration, agriculture, etc.
|
| 500 |
|
|
|a Microfilm. Ann Arbor, Mich., University Microfilms [n.d.] (American culture series, Reel 452.11)
|
| 500 |
|
|
|a Microform.
|
| 651 |
|
0 |
|a United States
|x Civilization.
|
| 651 |
|
0 |
|a United States
|x Social conditions.
|
| 999 |
|
|
|a MARS
|
| 999 |
f |
f |
|s b4806a36-7372-39a9-9369-af3a91dcc19f
|i e68cfc34-793f-376e-826e-fc86d758227f
|t 0
|
| 952 |
f |
f |
|p default
|a Texas A&M University
|b College Station
|c Sterling C. Evans Library
|d Evans: Microforms (3rd floor)
|t 0
|e film B 1512 reel 452.11
|h Other scheme
|i microform -- microfilm reel
|
| 998 |
f |
f |
|a film B 1512 reel 452.11
|t 0
|l Evans: Microforms (3rd floor)
|